| 000 | 00548nam a2200193Ia 4500 | ||
|---|---|---|---|
| 005 | 20230517103017.0 | ||
| 008 | 131103s9999 xx 000 0 und d | ||
| 040 | _aLoreto College | ||
| 041 | _aEnglish | ||
| 082 |
_aTAG 891.44 _bTAG-PAL |
||
| 100 | _aPal, Haranath | ||
| 245 |
_aRabindranath o prachin sahitya _cHaranath Pal |
||
| 260 |
_aCalcutta _bCalcutta Book House _c1966 |
||
| 300 | _a288p | ||
| 650 | _aTagore, Rabindranath, 1861-1941 - Criticism and Interpretation | ||
| 651 | _aBengali Literature | ||
| 850 | _aLCLIB | ||
| 942 | _cBK | ||
| 999 |
_c17035 _d67514 |
||